| 000 | 05907nam a22005057a 4500 | ||
|---|---|---|---|
| 005 | 20090216115753.0 | ||
| 008 | 090216t xxu||||| |||| 00| 0 eng d | ||
| 010 | _aB-349393-416 | ||
| 020 |
_a9788189107383 _c125.00 |
||
| 035 | _aB-349393-416 | ||
| 037 | _bIndra Publishing House | ||
| 040 |
_adpl _bEnglish |
||
| 082 | _a158.1 | ||
| 100 | _aSmedley, Jenny | ||
| 245 |
_aHow to be happy: _bfinding a future in your past / _cby Jenny Smedley |
||
| 260 |
_aBhopal _bIndra Publishing House _c2008(repr.) |
||
| 270 |
_aE-5/21, Arera Colony Habibganj Police Station Road _bBhopal _e462016 _k917554059620,4277445,2465238 _mmanish@indrapublishing.com , pramod@indrapublishing.com |
||
| 300 |
_axi,176p. _c22cm.(pbk) |
||
| 942 |
_2ddc _cEN _mSME _h158.1 |
||
| 999 |
_c23811 _d23811 |
||